Metrické závity ISO. STN 01 4314. STN ISO 965-3 : Tolerancie. Časť 3: Odchýlky pre závity. Jún 2000

Saved in:
Bibliographic Details
Format: Book
Language:Slovak
Published: Bratislava : Slovenský ústav technickej normalizácie, 2000
Subjects:
Tags: Add Tag
No Tags, Be the first to tag this record!

MARC

LEADER 00000nam a22000003a 4500
001 stu176055
005 20150408160648.7
008 081120s2000----xo------------------slo-d
040 |a STU  |b slo 
041 0 |a slo 
044 |a xo 
245 |a Metrické závity ISO. STN 01 4314. STN ISO 965-3 :  |b Tolerancie. Časť 3: Odchýlky pre závity. Jún 2000 
260 |a Bratislava :  |b Slovenský ústav technickej normalizácie,  |c 2000 
300 |a 20 s 
500 |a Táto norma spolu s STN ISO 965-1 nahrádza STN 01 4314 z 31.1.1979 v celom rozsahu 
650 7 |a závity metrické  |2 stusub 
996 |b 284M069344  |c M*N-1277  |l MMKN  |s A  |a 24  |w stu176055_0001